00988cam a22002651 450000100060000000300080000600500170001400800410003103500190007204000320009104100080012308200220013110000360015324500870018925000180027626000380029430000210033249000260035365000690037965000590044865100450050794200120055299900170056495201410058119916BD-RjUL20211209000509.0140226s1962 nyu 000 0 eng d a(BD-RjUL)19977 aDLCcDLCdDLCdBD-RjULbeng aeng00a810.904bHOT 19621 aHoffman, Frederick John.95258914aThe twenties : American writing in the postwar decade /c Frederick John. Hoffman, aNew, rev. ed. aNew York :bCollier Books,cc1962 a516 p. ;c18 cm.0 aCollier books,vBS106 0aAmerican literaturey20th centuryxHistory and criticism.951595 0aWorld War, 1914-1918zUnited StatesxInfluence.961206 0aUnited StatesxHistoryy1919-1933.92227 2ddccBK c19916d19916 00102ddc40718NFICaRUCLbRUCLcReadingd1965-10-19eBlack wellg11.60l0o810.904 HOT 1962r2014-02-26 00:00:00tC-1w2014-02-26yBK